| 000 | 00976nam a22002537a 4500 | ||
|---|---|---|---|
| 005 | 20170124103111.0 | ||
| 010 | _aA-774280 | ||
| 020 |
_c140.00 _a8185127433 |
||
| 035 | _aA-774280 | ||
| 037 | _bCen Lib/Ret | ||
| 040 |
_aDPL _bHN |
||
| 082 |
_aउ _bशाहर |
||
| 100 |
_aशाह, रमेशचंद्र _979664 |
||
| 245 |
_aपुर्नवास / _cरमेशचंद्र शाह |
||
| 246 |
_aPunarvas / _bby Ramesh Chandra Shah |
||
| 260 |
_aबीकानेर _bवाग्देवी प्रकाशन _c1995 |
||
| 270 |
_aसुगम निवास, चन्दन सागर _bबीकानेर _e334001 |
||
| 300 |
_a151पृ. _c21सेमी(सजिल्द) |
||
| 650 |
_a साहित्य--उपन्यास _979665 |
||
| 650 |
_aहिंदी उपन्यास _979666 |
||
| 650 |
_a Literature--Novel _979667 |
||
| 650 |
_aHindi novel _979668 |
||
| 942 |
_2ddc _cHN _hउ _mशाहर |
||
| 999 |
_c118351 _d118351 |
||